MODERN PHARMACEUTICS : BASIC PRINCIPLES AND ADVANCES [VOL-2] (Record no. 8607)

MARC details
000 -LEADER
fixed length control field 00464nam a22001697a 4500
005 - DATE AND TIME OF LATEST TRANSACTION
control field 20240831132431.0
008 - FIXED-LENGTH DATA ELEMENTS--GENERAL INFORMATION
fixed length control field 240831b |||||||| |||| 00| 0 eng d
020 ## - INTERNATIONAL STANDARD BOOK NUMBER
ISBN 978-0-3678-9488-7
041 ## - LANGUAGE CODE
Language code of text/sound track or separate title eng
082 ## - DEWEY DECIMAL CLASSIFICATION NUMBER
Classification number 615.19
100 ## - MAIN ENTRY--AUTHOR NAME
Personal name FLORENCE, ALEXENDER T. AND SIEPMANN, JUERGEN
245 ## - TITLE STATEMENT
Title MODERN PHARMACEUTICS : BASIC PRINCIPLES AND ADVANCES [VOL-2]
260 ## - PUBLICATION, DISTRIBUTION, ETC. (IMPRINT)
Place of publication NEW YORK
Name of publisher CRC PRESS
300 ## - PHYSICAL DESCRIPTION
Number of Pages 537; P
650 ## - SUBJECT ADDED ENTRY--TOPICAL TERM
Topical Term PHARMACY
942 ## - ADDED ENTRY ELEMENTS (KOHA)
Koha item type Books
Holdings
Lost status Damaged status Collection code Home library Current library Shelving location Date acquired Source of acquisition Serial Enumeration / chronology Full call number Accession Number Koha item type
    Reference JRU Library JRU Library SHELF-72-B 30/08/2024 PURCHASE NEW ARRIVALS SHELF 615.19 28349 Books